Letters writ by a Turkish spy, (Record no. 549372)

000 -LEADER
fixed length control field 00650cam a2200181 4500
020 ## - INTERNATIONAL STANDARD BOOK NUMBER
International Standard Book Number 0710067747
082 00 - DEWEY DECIMAL CLASSIFICATION NUMBER
Classification number 846
Author Mark MAR
-- L-30, P-136
100 1# - MAIN ENTRY--PERSONAL NAME
Personal name Marana, Giovanni Paolo,
9 (RLIN) 46013
245 10 - TITLE STATEMENT
Title Letters writ by a Turkish spy,
Statement of responsibility, etc. by Giovanni P. Marana; selected and edited by Arthur J. Weitzman.
260 ## - PUBLICATION, DISTRIBUTION, ETC.
Place of publication, distribution, etc. London,
Name of publisher, distributor, etc. Routledge & K. Paul,
Date of publication, distribution, etc. 1970.
300 ## - PHYSICAL DESCRIPTION
Extent xix, 233 p.
Dimensions 23 cm.
500 ## - GENERAL NOTE
General note Selections from the original 8 v. collection of letters.
526 ## - STUDY PROGRAM INFORMATION NOTE
Program name 0
Interest level 0
Reading level 0
Title point value 846_000000000000000_MAR
650 #0 - SUBJECT ADDED ENTRY--TOPICAL TERM
Topical term or geographic name entry element Intelligence service
Geographic subdivision Turkey
General subdivision Fiction.
9 (RLIN) 46014
650 #0 - SUBJECT ADDED ENTRY--TOPICAL TERM
Topical term or geographic name entry element MCE
9 (RLIN) 379
700 1# - ADDED ENTRY--PERSONAL NAME
Personal name Weitzman, Arthur J.,
9 (RLIN) 46015
942 ## - ADDED ENTRY ELEMENTS (KOHA)
Source of classification or shelving scheme
Koha item type Book
Holdings
Withdrawn status Lost status Source of classification or shelving scheme Damaged status Not for loan Permanent Location Current Location Date acquired Total Checkouts Full call number Barcode Date last seen Price effective from Koha item type
          Military College of Engineering (MCE) Military College of Engineering (MCE) 09/24/2014   846 MAR MCE-3946 09/24/2014 03/14/2021 Book
© 2023 Central Library, National University of Sciences and Technology. All Rights Reserved.